000 00593nam a2200193Ii 4500
003 JO-AjNU
008 230606s9999||||xx |||||||||||||| ||und||
040 _aJO-AjNU
_beng
_erda
_cJO-AjNU
041 _aeng
050 1 4 _aHD36.G9413.1972
100 3 _aGVISHIANI,D,
_eauthor
_92884
245 0 0 _aORGANIZATION AND MANAGEMENT A Sociological Analysis of Western Throries
264 3 1 _aMoscow:progress publishers,1972
300 _a461p
336 _atext
_btxt
_2rdacontent
337 _aunmediated
_bn
_2rdamedia
338 _avolume
_bnc
_2rdacarrier
650 4 _aOrganization-Management
_92885
999 _aE1511
_c1511
_d1511